000 01321cam a22003134a 4500
001 2998
005 20260324082756.0
020 _a9780439577816
040 _aDLC
_cDLC
_dDLC
_beng
050 0 0 _aML3930.A5
082 0 0 _a782.1092
100 1 _aRyan, Pam Muñoz
245 1 0 _aWhen Marian sang :
_bthe true recital of Marian Anderson : the voice of a century /
_clibretto [i.e. text] by Pam Muñoz Ryan ; staging [i.e. illustrations] by Brian Selznick.
250 _aFirst paperback printing, September 2003
260 _aNew York :
_bScholastic ,
_c2002
300 _a32 unnumbered pages :
_bcolor illustrations ;
_c24 cm .
505 _aZ
520 _aAn introduction to the life of Marian Anderson, extraordinary singer and civil rights activist, who was the first African American to perform at the Metropolitan Opera, whose life and career encouraged social change.
521 _a920
_bLexile
521 _aZ
_bRaz-Plus
650 0 _aContraltos
_zUnited States
_vBiography
_vJuvenile literature.
650 0 _aAfrican American singers
_vBiography
_vJuvenile literature.
650 1 _aSingers.
650 1 _aAfrican Americans
_vBiography.
650 1 _aWomen
_vBiography.
700 1 _a Selznick , Brian
_eillustrator
906 _a7
_bcbc
_corignew
_d1
_eocip
_f20
_gy-gencatlg
942 _2ddc
_cBK
_n0
999 _c2998
_d2998